| 000 | 01701 a2200229 4500 | ||
|---|---|---|---|
| 001 | 22380 | ||
| 005 | 20260407155514.0 | ||
| 008 | 260407a1996 arg spa d | ||
| 003 | AR-UNSa-BCEJYS | ||
| 040 |
_aAR-UNSa-BCEJYS _bspa _cAR-UNSa-BCEJYS |
||
| 080 |
_a338.5.01 _xTeorías de los precios |
||
| 245 | 1 | 0 | _aTeoría de los precios y aplicaciones |
| 020 | _a978-84-481-0348-4 | ||
| 264 | 1 |
_aMadrid : _bMcGraw-Hill _c1996 |
|
| 300 |
_axxxi, 780 p. _c25 cm. |
||
| 505 | _a1. El modelo de oferta y demanda y la determinación de los precios - 2. El comportamiento del consumidor y la demanda de mercado - 3. Ampliación de la teoría del comportamiento del consumidor - 4. El coste del tiempo y la teoría del comportamiento del consumidor - 5. La función de producción y los costes de la empresa - 6. Las funciones de coste de la empresa - 7. Las funciones de oferta de una empresa competitiva - 8. La determinación del precio en una industria competitiva - 9. La fijación de precios en el monopolio - 10. La fijación de precios en el oligopolio - 11. Los objetivos de la empresa - 12. La discriminación de precios - 13. El problema del usuario gratuito y la fijación de precios - 14. El comportamiento del mercado bajo información asimétrica - 15. Fijación de precios bajo incertidumbre - 16. El comportamiento de los consumidores y de los productores a lo largo del tiempo - 17. La determinación del salario en el mercado de trabajo - 18. Eficiencia económica y equilibrio general - 19. Obstáculos a la eficiencia económica | ||
| 942 | _cBK | ||
| 590 | _aniveau_biblio:m niveau_hierar:0 | ||
| 100 | 1 | _aPashigian, Peter B. | |
| 700 | 1 | _aFebrero, Ramón | |
| 700 | 1 | _aLozano, Susana | |
| 999 |
_c997 _d997 |
||